| 000 | 00346nam a22001097a 4500 | ||
|---|---|---|---|
| 008 | 240911b |||||||| |||| 00| 0 eng d | ||
| 040 |
_aNational Science Library _cNational Science Library |
||
| 080 |
_aR 667.525(035) _bL6.2 |
||
| 245 | _aModular training manual | ||
| 260 | _bSelection & Industrial Training Administration Ltd. | ||
| 942 |
_2udc _cREF |
||
| 999 |
_c66939 _d66939 |
||